000 00856cam a2200253 a 4500
001 4965000
005 20180302043801.0
008 971202s1998 nyua be 001 0 eng
010 _a 97047442
020 _a0195102304 (acidfree paper)
040 _aDLC
_cDLC
_dDLC
041 _aeng
043 _an-us---
080 _a352.30973 geo
082 0 0 _a352.30973 geo
_221
100 _a16
101 _ahis
245 0 2 _aA historical guide to the U.S. government /
_ceditor in chief, George Thomas Kurian ; consulting editors, Joseph P. Harahan ... [et al.].
246 3 _aHistorical guide to the United States government
504 _aIncludes bibliographical references and index.
906 _a7
_bcbc
_corignew
_d1
_eocip
_f19
_gy-gencatlg
942 _2ddc
_cBK
999 _c43982
_d43982